The World Wall Teaching Vocabulary through Immersion. (Record no. 3399)

MARC details
000 -LEADER
fixed length control field 00384nam a22001217a 4500
005 - DATE AND TIME OF LATEST TRANSACTION
control field 20201130160830.0
008 - FIXED-LENGTH DATA ELEMENTS--GENERAL INFORMATION
fixed length control field 201130b ||||| |||| 00| 0 eng d
020 ## - INTERNATIONAL STANDARD BOOK NUMBER
International Standard Book Number 0887510361
040 ## - CATALOGING SOURCE
Transcribing agency CML
245 ## - TITLE STATEMENT
Title The World Wall Teaching Vocabulary through Immersion.
Statement of responsibility, etc. Green J.
260 ## - PUBLICATION, DISTRIBUTION, ETC.
Place of publication, distribution, etc. Scarborough
Name of publisher, distributor, etc. Pippin Publishing
Date of publication, distribution, etc. 1993
942 ## - ADDED ENTRY ELEMENTS (KOHA)
Source of classification or shelving scheme Dewey Decimal Classification
Koha item type Books
Edition 1st Edition
Classification part 372
Call number suffix GRE
Holdings
Withdrawn status Lost status Source of classification or shelving scheme Damaged status Not for loan Collection code Home library Current library Shelving location Date acquired Total Checkouts Full call number Barcode Date last seen Copy number Price effective from Koha item type
    Dewey Decimal Classification     Social Sciences Chalimbana Main Library Chalimbana Main Library Social Sciences 11/30/2020   372.44 GRE 9780887510366 11/30/2020 1 11/30/2020 Books

Powered by Koha